1784 1648 1505 1025 1727 1379 1050 1767 1763 1821 1229 1939 1516 1391 1751 1419 1227 1731 1941 1671 1977 1664 1977 1695 1846 1805 1648 1876 1156 1811 1388 1443 1296 1348 1931 1905 1069 1935 2000 1787 1145 1921 1334 1958 1063 1398 1999 1068 1014 1531 1436 1852 1004 1553 1415 1849 1930 1354 1566 1755 1081 1081 1994 1374 1567 1953 1341 1509 1591 1349 1401 1567 1968 1595 1233 1163 1501 1394 1395 1502 1674 1965 1260 1361 1536 1858 1909 1267 1345 1410 1210 1893 1818 1206 1055 1174 1164 1745 1613 BCNSPRNW ULIB Ver.6.0+V

เปลี่ยนเป็นภาษาไทย

Change to English
 แสดงรายละเอียดบรรณานุกรม
  กลับหน้าหลัก

Brief Record : Get Marc (ISO 2709) : E-mail record : QR code < ปิดหน้าต่าง
LEADER : 00000nam 2200000uu 4500
001    13399120841
003     ULIB
008    121019/2552||||th 000 0 tha d
020    ^a9786169020004
050  4 ^aBQ4570^bว111ป 2552
100 0  ^aว. วชิรเมธี
245 10 ^aเปลี่ยนเคราะห์ให้เป็นโชค เปลี่ยนโรคให้เป็นครู /^cว. วชิรเมธี
260    ^aกรุงเทพฯ :^bปราณ,^c2552
300    ^a122 หน้า :^bภาพประกอบสี
650  4 ^aธรรมะกับชีวิตประจำวัน
945    ^p85^l0^i17693
995    ^aกัณชพร
999 ^a ใช้งานได้ทุกระบบ
รายการนี้ยังไม่มีแท็ก
คุณยังไม่ได้ล็อกอิน คุณสามารถมีกิจกรรมร่วมกับเว็บไซต์ได้ แต่ต้องล็อกอินก่อน ::
  ล็อกอิน

รายการสื่อสารสนเทศ

ลำดับที่ ประเภท เลขเรียก/บาร์โค้ด สถานที่ สถานะ
1. นวนิยาย
นวนิยาย
BQ4570 ว111ป 2552  
  Barcode: 17693
ห้องสมุดวิทยาเขตสวรรค์ประชารักษ์
►หนังสือทั่วไป
บนชั้น

รายการใกล้เคียง
    ผู้แต่ง [ว. วชิรเมธี]

    หัวเรื่อง [ธรรมะกับชีวิตประจำวัน]

BibComment


ยังไม่เคยถูกคอมเมนท์

คอมเมนท์ทรัพยากรรายการนี้
  คอมเมนท์: เปลี่ยนเคราะห์ให..


 Copyright 2026. Bcnsprnw @Library